<?xml version="1.0" encoding="UTF-8"?>
<record
    xmlns:xsi="http://www.w3.org/2001/XMLSchema-instance"
    xsi:schemaLocation="http://www.loc.gov/MARC21/slim http://www.loc.gov/standards/marcxml/schema/MARC21slim.xsd"
    xmlns="http://www.loc.gov/MARC21/slim">

  <leader>00535nam a2200169Ia 4500</leader>
  <controlfield tag="008">230718s9999    xx            000 0 und d</controlfield>
  <datafield tag="020" ind1=" " ind2=" ">
    <subfield code="a">9789322008307</subfield>
  </datafield>
  <datafield tag="041" ind1=" " ind2=" ">
    <subfield code="a">eng</subfield>
  </datafield>
  <datafield tag="082" ind1=" " ind2=" ">
    <subfield code="a">355.331092</subfield>
    <subfield code="b">SHA</subfield>
  </datafield>
  <datafield tag="100" ind1=" " ind2=" ">
    <subfield code="a">Shah Z.U.</subfield>
    <subfield code="9">201565</subfield>
  </datafield>
  <datafield tag="245" ind1=" " ind2=" ">
    <subfield code="a">The Sarkari Mussalman - The Life And Travails Of A Soldier Educationist</subfield>
    <subfield code="b">The Memoirs Of Lt. Gen. Zameer Uddin Shah </subfield>
  </datafield>
  <datafield tag="260" ind1=" " ind2=" ">
    <subfield code="c">2019</subfield>
    <subfield code="b">Konark</subfield>
  </datafield>
  <datafield tag="300" ind1=" " ind2=" ">
    <subfield code="a">202</subfield>
  </datafield>
  <datafield tag="365" ind1=" " ind2=" ">
    <subfield code="c">Rs.</subfield>
    <subfield code="b">695.00</subfield>
  </datafield>
  <datafield tag="700" ind1=" " ind2=" ">
    <subfield code="a">Shah Z.U.</subfield>
    <subfield code="9">201565</subfield>
  </datafield>
  <datafield tag="906" ind1=" " ind2=" ">
    <subfield code="d">O:0643402-Mar-2019B:500120-Feb-2019</subfield>
    <subfield code="c">GENRL</subfield>
    <subfield code="b">152.9</subfield>
  </datafield>
  <datafield tag="999" ind1=" " ind2=" ">
    <subfield code="c">349729</subfield>
    <subfield code="d">349729</subfield>
  </datafield>
  <datafield tag="952" ind1=" " ind2=" ">
    <subfield code="0">0</subfield>
    <subfield code="1">0</subfield>
    <subfield code="4">0</subfield>
    <subfield code="7">0</subfield>
    <subfield code="a">CCEP</subfield>
    <subfield code="b">CCEP</subfield>
    <subfield code="d">2019-03-02</subfield>
    <subfield code="e">Technical Book Services</subfield>
    <subfield code="f">GENRL</subfield>
    <subfield code="g">542.10</subfield>
    <subfield code="i">5001</subfield>
    <subfield code="l">0</subfield>
    <subfield code="o">355.331092</subfield>
    <subfield code="p">CCEP-BK-60936</subfield>
    <subfield code="r">2023-07-18 00:00:00</subfield>
    <subfield code="t">152.9</subfield>
    <subfield code="v">695.00</subfield>
    <subfield code="w">2019-02-20</subfield>
    <subfield code="y">BK</subfield>
    <subfield code="z">060936</subfield>
  </datafield>
</record>
